|
|
|
|
| LEADER |
00000nam a2200000Ii 4500 |
| 001 |
DIGUCCH0051 |
| 003 |
NyNyDIG |
| 008 |
230105s2014 cl d ob 000 0 spa d |
| 006 |
m o d |
| 007 |
cr ||||||||||| |
| 035 |
|
|
|a (OCoLC)913870350
|
| 040 |
|
|
|a DGITA
|b eng
|e rda
|e pn
|c DGITA
|
| 020 |
|
|
|a 9789561415546
|q eBook
|
| 020 |
|
|
|z 9789561414808
|
| 050 |
1 |
4 |
|a HB3717 ebook
|
| 100 |
1 |
|
|a Rosende Ramírez, Francisco,
|e author.
|
| 245 |
1 |
3 |
|a El gran descalabro :
|b la macroeconomía de la primera crisis financiera del siglo XXI /
|c Francisco Rosende R.
|
| 264 |
|
1 |
|a Santiago, Chile :
|b Ediciones UC,
|c [2014]
|
| 300 |
|
|
|a 1 online resource :
|b charts.
|
| 336 |
|
|
|a text
|b txt
|2 rdacontent
|
| 337 |
|
|
|a computer
|b c
|2 rdamedia
|
| 338 |
|
|
|a online resource
|b cr
|2 rdacarrier
|
| 347 |
|
|
|a text file
|2 rdaft
|
| 347 |
|
|
|b PDF
|
| 504 |
|
|
|a Includes bibliographical references.
|
| 588 |
0 |
|
|a Online resource; title from PDF title page (Digitalia, viewed January 5, 2023)
|
| 650 |
|
0 |
|a Global Financial Crisis, 2008-2009.
|
| 650 |
|
0 |
|a Macroenomics.
|
| 791 |
2 |
|
|a Digitalia (Firm),
|e distributor.
|
| 793 |
0 |
|
|g Digitalia eBook Collection:
|a Universidad Catolica de Chile
|
| 776 |
0 |
8 |
|i Print version:
|a Rosende Ramírez, Francisco.
|t Gran descalabro.
|b Primera edición.
|d Santiago, Chile : Ediciones UC, [2014]
|z 9789561414808
|
| 856 |
4 |
0 |
|3 Digitalia Hispánica
|u https://www.digitaliapublishing.com/a/38237/
|
| 910 |
|
|
|a Premium collection: 2023
|